000 00294nam a22001217a 4500
082 _a
_b
100 _aPrabhakar Machvey
245 _aHindi ke sahithya nirmatha Jayashankar Prasad/
_cby Prabhakar Machvey
260 _aDelhi:
_bRajpal,
_c1990.
300 _a91p.
650 _a
942 _cBK
999 _c153377
_d153377